| 000 | 00499nam a2200145Ia 4500 | ||
|---|---|---|---|
| 008 | 140724s9999 xx 000 0 und d | ||
| 050 |
_aNC 997 _b.M433 2013 |
||
| 100 | _aMatiga, Jenny Marie B. | ||
| 245 | 2 |
_aA three dimensional (3D) Virtual Tour of the SISC Media Center / _cJenny Marie B. Matiga. |
|
| 260 |
_aLas PiƱas, Philippines : _bSouthville International School and Colleges, _cc2013. |
||
| 300 |
_a60 p. : _bcol. ill. ; _c28 cm. |
||
| 521 | _aMedia Arts | ||
| 942 | _cTH | ||
| 999 |
_c229240 _d229240 |
||